[Event "Sardegna Regional-ch"]
[Site "Cagliari"]
[Date "2015.06.01"]
[Round "3"]
[White "Agus, Lorenzo"]
[Black "Nessi, Davide"]
[Result "0-1"]
[WhiteElo "1574"]
[BlackElo "1720"]
[PlyCount "30"]
[EventDate "2015.05.30"]
[EventType "swiss"]
[EventRounds "6"]
[EventCountry "ITA"]
[SourceTitle "EXT 2017"]
[Source "ChessBase"]
[SourceDate "2016.10.25"]
[SourceVersion "1"]
[SourceVersionDate "2016.10.25"]
[SourceQuality "1"]

1. e4 e5 2. f4 d5 3. exd5 c6 4. dxc6 Nxc6 5. Bb5 e4 6. d3 exd3 7. Qxd3 Bd6 8. Ne2 Nf6 9. 0-0 0-0 10. Nbc3 Qc7 11. Ne4 Nxe4 12. Qxe4 Qb6+ 13. Be3 Qxb5 14. c4 Qf5 15. Qd4 Nxd4 0-1

[Event "Sardegna Regional-ch"]
[Site "Cagliari"]
[Date "2015.05.31"]
[Round "2"]
[White "Carucci, Bruno"]
[Black "Agus, Lorenzo"]
[Result "0-1"]
[WhiteElo "1410"]
[BlackElo "1574"]
[PlyCount "122"]
[EventDate "2015.05.30"]
[EventType "swiss"]
[EventRounds "6"]
[EventCountry "ITA"]
[SourceTitle "EXT 2017"]
[Source "ChessBase"]
[SourceDate "2016.10.25"]
[SourceVersion "1"]
[SourceVersionDate "2016.10.25"]
[SourceQuality "1"]

1. d4 Nf6 2. c4 g6 3. Nc3 d5 4. e3 Bg7 5. Nf3 0-0 6. Bd3 dxc4 7. Bxc4 c5 8. 0-0 cxd4 9. exd4 Bg4 10. Be3 Nc6 11. Be2 Nd5 12. Ne1 Bxe2 13. Nxe2 e5 14. Nc2 Nxe3 15. fxe3 exd4 16. Ncxd4 Nxd4 17. Nxd4 Qb6 18. Rb1 Rad8 19. Rf4 Rfe8 20. Qf3 Bxd4 21. Kh1 Rxe3 22. Qf1 f5 23. Qc4+ Kg7 24. Rd1 Bf6 25. Rdf1 Rd4 26. Rxd4 Qxd4 27. Qc7+ Re7 28. Qg3 Qe3 29. Qb8 Qe2 30. Qf4 Re4 31. Qc7+ Kh6 32. Qc1+ Bg5 33. Qb1 Rg4 34. g3 Qe4+ 35. Qxe4 Rxe4 36. Rd1 Re2 37. Rb1 Rc2 38. Re1 Rc1 39. Rxc1 Bxc1 40. b3 Kg5 41. Kg2 Kf6 42. Kf3 Ke5 43. h3 g5 44. g4 f4 45. b4 Kd4 46. a4 Kc4 47. b5 Kb4 48. h4 h6 49. hxg5 hxg5 50. b6 axb6 51. Ke4 Kxa4 52. Kf5 f3 53. Ke4 f2 54. Kd5 f1Q 55. Kd4 Qf4+ 56. Kd5 Bb2 57. Ke6 Qe5+ 58. Kd7 Qd5+ 59. Kc7 Be5+ 60. Kc8 Qc6+ 61. Kd8 Bf6# 0-1